000 00371nam a2200157Ia 4500
008 210210b1938 xxu||||| |||| 00| 0 eng d
041 _aeng
082 _a823/316
100 _aSHAKESPEARE (William)
245 _aTwelfth night
260 _aLondon
_bJ M Dent & Sons Ltd.
_c1938
650 _aTwelfth
650 _anight
690 _aEnglish Drama
906 _a013860
999 _c132928
_d132928